10 most common religions in America - Statistics

General Stats
  • This quiz has been taken 32 times
  • The average score is 6 of 10
Answer Stats
Population Answer % Correct
4,500,000 Islam
97%
7,500,000 Judaism
97%
235,000,000 Christianity
93%
1,000,000 Buddhism
80%
3,600,000 Hinduism
80%
62,000,000 Atheism
53%
750,000 Sikhism
50%
6,900,000 Mormonism
37%
1,000,000 Wicca
10%
1,300,000 Unitarian-Universalism
0%
No matching quizzes found
Score Distribution
Percent of People with Each Score
Percentile by Number Answered
Your Score History
You have not taken this quiz